Normal view
MARC view
Entry Personal Name
001 - CONTROL NUMBER
- control field: 281
003 - CONTROL NUMBER IDENTIFIER
- control field: OSt
005 - DATE AND TIME OF LATEST TRANSACTION
- control field: 20110408102704.0
008 - FIXED-LENGTH DATA ELEMENTS
- fixed length control field: 110408|||a|||||| | ||| d
040 ## - CATALOGING SOURCE
- Original cataloging agency: OSt
- Transcribing agency: OSt
100 ## - HEADING--PERSONAL NAME
- Personal name: Dworkin, Gerald.
670 ## - SOURCE DATA FOUND
- Source citation: Work cat.: (OSt)105: Odgers, Charles E. (Charles Edwin), b. 1870. 278, Odgers' construction of deeds and statutes /, 1967.
